Nový perturbačný modifikátor schémy UOV

Salvato in:
Dettagli Bibliografici
Autore principale: Olejarníková, Dominika (Autore)
Altri autori: Hromada, Viliam (Relatore della tesi)
Natura: Manoscritto Libro
Lingua:slovacco
Pubblicazione: Bratislava : STU v Bratislave FEI, 2023
Soggetti:
Accesso online:https://opac.crzp.sk/?fn=detailBiblioFormChildO25Q9&sid=C0DEB8E07572332BA2250815805F&seo=CRZP-detail-kniha
Tags: Aggiungi Tag
Nessun Tag, puoi essere il primo ad aggiungerne!!

MARC

LEADER 00000ntm a22000003a 4500
001 stuzp92978
003 SK-STU
005 20241213085430.6
007 ta
008 150427s2015----xo-----f-mn---000-0-slo-d
040 |a STU  |b slo 
041 0 |a slo 
044 |a xo 
100 1 |a Olejarníková, Dominika  |u 035000  |4 aut  |U FEI Fakulta elektrotechniky a informatiky  |T FEI Ústav informatiky a matematiky  |X 98044  |U E050  |Y 816  |7 98044 
242 0 1 |a New perturbation modifier of UOV scheme  |y eng 
245 1 0 |a Nový perturbačný modifikátor schémy UOV 
260 |a Bratislava :  |b STU v Bratislave FEI,  |c 2023 
300 |a 58 s. 
650 4 |a MQ kryptografia  |2 slo 
650 4 |a UOV schéma  |2 slo 
650 4 |a podpisová schéma  |2 slo 
650 4 |a perturbácia  |2 slo 
650 4 |a MQ cryptography  |2 eng 
650 4 |a UOV scheme  |2 eng 
650 4 |a signature scheme  |2 eng 
650 4 |a perturbation  |2 eng 
700 1 |a Hromada, Viliam  |u 035000  |k Z1  |4 ths  |U FEI Fakulta elektrotechniky a informatiky  |T FEI Ústav informatiky a matematiky  |X 36029  |U E050  |Y 816  |7 A000036029 
856 4 |u https://opac.crzp.sk/?fn=detailBiblioFormChildO25Q9&sid=C0DEB8E07572332BA2250815805F&seo=CRZP-detail-kniha